El proceso laboral venezolano

Bibliographic Details
Main Author: Carmona Garca̕, Jos ̌Leonardo
Format: eBook
Language:Spanish
Published: Caracas: Editorial Acadm̌ica Espaǫla, 2019
Subjects:
Online Access:Acceso restringido

MARC

LEADER 00000nam a22000007a 4500
005 20191009131844.0
007 cr|||| ||||
008 191009s2019 ve |||||s|||| 00||0 spa d
020 |a 9786139437207 
035 |a 29621 
040 |a vLex 
090 |c 9749  |d 9749 
100 1 |a Carmona Garca̕, Jos ̌Leonardo 
245 1 2 |a El proceso laboral venezolano  |h [Recurso electrn̤ico] /  |c Jos ̌Leonardo Carmona Garca̕ 
256 |a Servicio en ln̕ea 
260 |a Caracas:  |b Editorial Acadm̌ica Espaǫla,  |c 2019 
300 |a 1 recurso electrn̤ico 
500 |a El Proceso Laboral que se puso en marcha en nuestro pas̕ a partir del aǫ 2002 ha dividido la historia de la justicia del Trabajo en un antes y un despuš de su entrada en vigencia. La lents̕ima forma de impartir justicia a los trabajadores a quienes urga̕ el reconocimiento de sus derechos y acreencias fue reemplazada por un proceso g̀il que favorece la autocomposicin̤, unifica los procedimientos y garantiza una decisin̤ oportuna y, en consecuencia, permite obtener a quien a ella acude la satisfaccin̤ de su aspiracin̤. Un sistema eficiente de administracin̤ de justicia es condicin̤ indispensable para garantizar la equidad y el acceso a un trabajo decente, contribuyendo sin duda a la consolidacin̤ de la paz social. El presente libro plantea una visin̤ del proceso laboral de una manera integral no sl̤o en todas sus fases, sino que adems̀ de abordar criterios doctrinales incluye una abundante y adecuada cita de jurisprudencia, de innegable importancia en la materia, lo que lo hace ms̀ valioso an︢. Hčtor A. Jaime Martn̕ez (Prl̤ogo) 
506 1 |a Disponible solo en los productos indicados  |d vLex Global  |d vLex Global (Academic Edition, excluding Law Schools)  |d vLex Global (U.S. Academic Edition, Law Schools)  |d vLex Global (U.S. Academic Edition, excluding Law Schools)  |d vLex Global (Academic Edition, Law Schools) 
650 0 4 |a Derecho Civil  |z Venezuela 
740 0 |a vLex Libros (Servicio en ln̕ea) 
856 4 0 |u http://vlex.com/source/29621  |z Acceso restringido 
942 |c BOOK 
999 0 |a Civil Law